| 000 | 00386nam a22001697a 4500 | ||
|---|---|---|---|
| 003 | OSt | ||
| 005 | 20210914081939.0 | ||
| 008 | 210914b |||||||| |||| 00| 0 eng d | ||
| 020 | _a0240802705 | ||
| 040 | _chu | ||
| 082 |
_23rd _a070.1 |
||
| 100 |
_amichael rabiger _93265 |
||
| 245 | _adirectlng the documentary | ||
| 250 | _a3rd | ||
| 260 |
_ausa _bhall _c1998 |
||
| 942 |
_2ddc _cBOOKS _n0 |
||
| 999 |
_c3509 _d3509 |
||